000 00886nam0a2200253 4500
001 RU\NLR\bibl\1762903
005 20250616124748.0
010 _a978-5-09-016073-5
_95000
021 _aRU
_b2011-24266
_91724
035 _a(NLR Aleph) 001753707
090 _a1534826
_c1534826
100 _a20110425d2011 |||y0rusy50 ca
101 0 _arus
102 _aRU
105 _ay |||||||||
200 1 _aХимия. Рабочие программы. Предметная линия учебников Г.Е. Рудзитиса, Ф.Г. Фельдмана. 8-9 классы
210 _aМосква
_cПросвещение
_d2011
215 _d21
700 1 _aГара
_bН Н
_4070
801 0 _aRU
_bNLR
_c20110425
_gRCR
801 1 _aRU
_bNLR
_c20110425
942 _cBOOK
980 _aNB